Top 5 Most Famous Leaders of Historic Empires and Countries - Statistics

General Stats
  • This quiz has been taken 43 times
  • The average score is 31 of 80
Answer Stats
Empire During Leader % Correct
Ancient Rome 64 - 44 BC Julius Caesar
93%
Ancient Rome 27 BC - 14 AD Augustus
87%
France 768 - 814 Charlemagne
87%
Ancient Egypt 51 - 30 BC Cleopatra VII
87%
Soviet Union 1924 - 1953 Joseph Stalin
87%
Soviet Union 1922 - 1924 Vladimir Lenin
83%
British Empire 1940 - 1945, 1951 - 1955 Winston Churchill
83%
China 1949 - 1976 Mao Zedong
80%
France 1799 - 1814 Napoleon Bonaparte
80%
France 1638 - 1715 Louis XIV
77%
France 1754 - 1793 Louis XVI
77%
British Empire 1979 - 1990 Margaret Thatcher
77%
Soviet Union 1985 - 1991 Mikhail Gorbachev
77%
British Empire 1837 - 1901 Queen Victoria
77%
France 1959 - 1969 Charles de Gaulle
73%
Ancient Egypt 1334 - 1325 BC Tutankhamun
73%
Ancient Greece 356 - 323 BC Alexander the Great
67%
Spain 1759 - 1788 Charles III
67%
Mongol Empire 1206 - 1227 Gengis Khan
67%
Soviet Union 1964 - 1982 Leonid Brezhnev
67%
Soviet Union 1953 - 1964 Nikita Khrushchev
67%
Spain 1939 - 1975 Francisco Franco
63%
Spain 1556 - 1598 Philip II
63%
China 1279 - 1294 Kublai Khan
57%
Ottoman Empire 1444 - 1446, 1451 - 1481 Mehmed II
57%
Mongol Empire 1251 - 1259 Möngke Khan
57%
Mongol Empire 1229 - 1241 Ögedei Khan
57%
Ottoman Empire 1520 - 1556 Suleiman I
57%
Mongol Empire 1227 - 1229 Tolui Khan
57%
Mayan Empire 427 - 437 Yax K’uk Mo’
57%
Aztec Empire 1502 - 1520 Moctezuma II
53%
Holy Roman Empire 973 - 983 Otto II
53%
Ancient Rome 117 - 138 Hadrian
50%
Ancient Rome 98 - 117 Trajan
50%
Vikings 970 - 1020 Leif Erikson
47%
China 221 - 210 BC Qin Shi Huang
47%
Vikings 951 - 1000 Erik the Red
43%
Ancient Greece 540 - 480 BC Leonidas
43%
British Empire 1945 - 1951 Clement Attlee
40%
British Empire 1603 - 1625 King James I
40%
Ancient Rome 161 - 180 Marcus Aurelius
40%
China 1978 - 1989 Deng Xiaoping
37%
Spain 1746 - 1749 Ferdinand VI
33%
Holy Roman Empire 1155 - 1190 Frederick I
27%
China 1912 Sun Yatsen
27%
Mesopotamia 521 - 486 BC Darius I
23%
Mesopotamia ca. 2600 BC Gilgamesh
23%
Aztec Empire 1440 - 1469 Moctezuma I
23%
Ottoman Empire 1421 - 1444, 1446 - 1451 Murad II
23%
Ottoman Empire 1623 - 1640 Murad IV
23%
Ancient Greece 494 - 429 BC Pericles
23%
Mesopotamia 486 - 465 BC Xerxes I
23%
Mayan Empire 360 - 378 Chak Tok Ich’aak I
20%
Holy Roman Empire 800 - 814 Charles the Great
20%
Spain 1094 - 1099 El Cid
17%
Ancient Egypt 1478 - 1458 BC Hatshepsut
17%
Mesopotamia 604 - 562 BC Nebuchadnezzar II
13%
Ottoman Empire 1487 - 1510 Selim I
13%
Ancient Greece 630 - 560 BC Solon
13%
Vikings 821 - 873 Ivar the Boneless
10%
Holy Roman Empire 1508 - 1519 Maximilian I
10%
Holy Roman Empire 962 - 973 Otto the Great
7%
Vikings ca. 900 Ragnar Lothbrok
7%
Mongol Empire 1241 - 1246 Töregene Khatun
7%
Ancient Egypt 1391 - 1353 BC Amenhotep III
3%
Inca Empire 1532 - 1533 Atahualpa
3%
Ancient Greece 570 - 508 BC Cleisthenes
3%
Mayan Empire 615 - 683 K’inich Janaab Pakal I
3%
Ancient Egypt ca. 3000 BC Narmer
3%
Vikings 911 - 928 Rollo of Normandy
3%
Inca Empire 1570 - 1572 Tupac Amaru
3%
Aztec Empire 1369 - 1391 Acamapichtli
0%
Aztec Empire 1521 - 1525 Cuauhtemoc
0%
Aztec Empire 1427 - 1440 Itzcoatl
0%
Mayan Empire 682 - 734 Jasaw Chan K’awiil
0%
Inca Empire 1150 - 1178 Manco Capac
0%
Mesopotamia 625 - 605 BC Nabopolassar
0%
Inca Empire 1438 - 1471 Pashacuti
0%
Mayan Empire 374 - 430 Spearthrower Owl
0%
Inca Empire 1558 - 1570 Titus Cusi
0%
No matching quizzes found
Score Distribution
Percent of People with Each Score
Percentile by Number Answered
Your Score History
You have not taken this quiz